| 000 | 00609nam a2200181 4500 | ||
|---|---|---|---|
| 003 | LK-CoMWRAF | ||
| 005 | 20231213165533.0 | ||
| 008 | 231213b |||||||| |||| 00| 0 eng d | ||
| 040 |
_aLK-CoMWRAF _dLK-CoMWRAF _eLK-CoMWRAF |
||
| 041 | _asin | ||
| 082 |
_a323 _bLLR |
||
| 245 | _aLLRC වාර් තාව සහ යහපාලනය | ||
| 246 | _aLLRC warthawa saha yahapalanaya | ||
| 260 |
_aකොළඹ : _bශ්රී ලංකා ජාතික සාම මංඩලය _c2013 |
||
| 650 | _aයහපාලනය | ||
| 700 |
_aලියනආරච්චි, ජගත් _ecomp. |
||
| 942 | _cBK | ||
| 999 |
_c4416 _d4416 |
||